MLB Teams by Old Logos - Statistics

General Stats
  • This quiz has been taken 162 times
  • The average score is 10 of 12
Answer Stats
Picture Answer % Correct
Pirates
94%
Rays
92%
Rangers
90%
Brewers
88%
Reds
88%
Angels
85%
A's
85%
Nationals
82%
Padres
79%
Astros
78%
Braves
70%
Dodgers
69%
No matching quizzes found
Score Distribution
Percent of People with Each Score
Percentile by Number Answered
Your Score History
You have not taken this quiz